<?xml version="1.0" encoding="UTF-8"?>
<record
    xmlns:xsi="http://www.w3.org/2001/XMLSchema-instance"
    xsi:schemaLocation="http://www.loc.gov/MARC21/slim http://www.loc.gov/standards/marcxml/schema/MARC21slim.xsd"
    xmlns="http://www.loc.gov/MARC21/slim">

  <leader>01641nam a2200349 i 4500</leader>
  <controlfield tag="001">193113</controlfield>
  <controlfield tag="003">ES-MaACL</controlfield>
  <controlfield tag="005">20240708063025.0</controlfield>
  <controlfield tag="007">ta</controlfield>
  <controlfield tag="008">230821s1995    it       c    000   spa d</controlfield>
  <datafield tag="020" ind1=" " ind2=" ">
    <subfield code="a">8881580098</subfield>
  </datafield>
  <datafield tag="035" ind1=" " ind2=" ">
    <subfield code="a">Rebiun28421646</subfield>
  </datafield>
  <datafield tag="040" ind1=" " ind2=" ">
    <subfield code="a">USA.SABUS. </subfield>
    <subfield code="d">UNAV </subfield>
    <subfield code="d">uned</subfield>
    <subfield code="b">spa</subfield>
    <subfield code="c">ES-MaACL</subfield>
  </datafield>
  <datafield tag="080" ind1=" " ind2=" ">
    <subfield code="a">7</subfield>
  </datafield>
  <datafield tag="100" ind1="1" ind2=" ">
    <subfield code="a">Haring, Keith</subfield>
    <subfield code="9">233965</subfield>
  </datafield>
  <datafield tag="245" ind1="1" ind2="0">
    <subfield code="a">Keith Haring : </subfield>
    <subfield code="b">[cat&#xE1;logo de la exposici&#xF3;n celebrada en Castello di Rivoli, Museo d'arte contemporanea, 3 febrero-30 abril 1994 ; Malm&#xF6;, Malm&#xF6; Konsthall, 6 junio-21 agosto 1994 ; Hamburgo, Deichtorhallen, 8 septiembre-13 noviembre 1994 ; Tel Aviv, Tel Aviv Museum of Art, 8 diciembre 1994-18 marzo 1995 ; Madrid, Fundaci&#xF3;n "la Caixa", 28 abril-16 julio 1995] / </subfield>
    <subfield code="c">comisario de la exposici&#xF3;n, Germano Celant ; direcci&#xF3;n del cat&#xE1;logo Germano Celant, Ida Gianelli</subfield>
  </datafield>
  <datafield tag="260" ind1=" " ind2=" ">
    <subfield code="a">Mil&#xE1;n : </subfield>
    <subfield code="b">Charta, </subfield>
    <subfield code="c">cop. 1995</subfield>
  </datafield>
  <datafield tag="300" ind1=" " ind2=" ">
    <subfield code="a">260 p. : </subfield>
    <subfield code="b">il. col. ; </subfield>
    <subfield code="c">28 cm</subfield>
  </datafield>
  <datafield tag="336" ind1=" " ind2=" ">
    <subfield code="2">rdacontent</subfield>
    <subfield code="a">Texto</subfield>
  </datafield>
  <datafield tag="337" ind1=" " ind2=" ">
    <subfield code="2">rdamedia</subfield>
    <subfield code="a">sin mediaci&#xF3;n</subfield>
  </datafield>
  <datafield tag="338" ind1=" " ind2=" ">
    <subfield code="2">rdacarrier</subfield>
    <subfield code="a">volumen</subfield>
  </datafield>
  <datafield tag="500" ind1=" " ind2=" ">
    <subfield code="a">En contraportada.: Fundaci&#xF3;n "La Caixa"</subfield>
  </datafield>
  <datafield tag="500" ind1=" " ind2=" ">
    <subfield code="a">Catalogaci&#xF3;n provisional. Signatura: N 8609. Dep&#xF3;sito J.</subfield>
  </datafield>
  <datafield tag="600" ind1="1" ind2="7">
    <subfield code="a">Haring, Keith</subfield>
    <subfield code="9">233965</subfield>
    <subfield code="v">Exposiciones</subfield>
  </datafield>
  <datafield tag="655" ind1=" " ind2="7">
    <subfield code="9">193628</subfield>
    <subfield code="a">Cat&#xE1;logos de exposiciones</subfield>
  </datafield>
  <datafield tag="852" ind1=" " ind2=" ">
    <subfield code="a">ES-MaACL</subfield>
    <subfield code="9">200425 </subfield>
    <subfield code="b">R.151925 </subfield>
    <subfield code="j">N-8609</subfield>
    <subfield code="c">DEPOJ</subfield>
    <subfield code="h">Donaci&#xF3;n: Editorial </subfield>
    <subfield code="z">En proceso</subfield>
  </datafield>
  <datafield tag="942" ind1=" " ind2=" ">
    <subfield code="n">0</subfield>
    <subfield code="c">MONOGRAFIA</subfield>
  </datafield>
  <datafield tag="999" ind1=" " ind2=" ">
    <subfield code="c">193113</subfield>
    <subfield code="d">193113</subfield>
  </datafield>
  <datafield tag="952" ind1=" " ind2=" ">
    <subfield code="0">0</subfield>
    <subfield code="1">0</subfield>
    <subfield code="2">udc</subfield>
    <subfield code="4">0</subfield>
    <subfield code="7">0</subfield>
    <subfield code="a">ATENEOM</subfield>
    <subfield code="b">ATENEOM</subfield>
    <subfield code="c">DEPOJ</subfield>
    <subfield code="d">2017-11-06</subfield>
    <subfield code="e">DONACION</subfield>
    <subfield code="l">0</subfield>
    <subfield code="o">N-8609</subfield>
    <subfield code="p">101205718</subfield>
    <subfield code="r">2023-08-21 00:00:00</subfield>
    <subfield code="w">2023-08-21</subfield>
    <subfield code="y">MONOGRAFIA</subfield>
  </datafield>
</record>
